Normal view
MARC view
- Littlefield, Henry W
Entry Personal Name
001 - CONTROL NUMBER
- control field: 4902
003 - CONTROL NUMBER IDENTIFIER
- control field: OSt
005 - DATE AND TIME OF LATEST TRANSACTION
- control field: 20210121135917.0
008 - FIXED-LENGTH DATA ELEMENTS
- fixed length control field: 210121|| aca||aabn | a|a d
040 ## - CATALOGING SOURCE
- Original cataloging agency: OSt
- Transcribing agency: OSt
100 ## - HEADING--PERSONAL NAME
- Personal name: Littlefield, Henry W
670 ## - SOURCE DATA FOUND
- Source citation: Work cat.: (OSt): Littlefield, Henry W, History of Europe since 1500 - 1848
